[Event "TUR-chT Clubs"]
[Site "Konya"]
[Date "2019.07.21"]
[Round "9.4"]
[White "Cevrin, Muhammet Cemre"]
[Black "Kacangar, Mehmed"]
[Result "1-0"]
[WhiteElo "1860"]
[BlackElo "1785"]
[PlyCount "79"]
[EventDate "2019.07.16"]
[EventType "team-swiss"]
[EventRounds "9"]
[EventCountry "TUR"]
[SourceTitle "CBM 191 Extra"]
[Source "ChessBase"]
[SourceDate "2019.09.30"]
[SourceVersion "1"]
[SourceVersionDate "2019.09.30"]
[SourceQuality "1"]
[WhiteTeam "Bitlis Dernegi"]
[BlackTeam "Manisa Yunusembre"]
[WhiteTeamCountry "TUR"]
[BlackTeamCountry "TUR"]

1. e4 e5 2. Nf3 Nf6 3. d4 Nxe4 4. Nxe5 d5 5. Bd3 Bd6 6. Nd2 Bxe5 7. dxe5 0-0 8. 0-0 Nc6 9. Nxe4 dxe4 10. Bxe4 Qxd1 11. Rxd1 Nxe5 12. Bf4 f6 13. Bxe5 fxe5 14. Rd5 Bf5 15. Rxe5 Bxe4 16. Rxe4 Rfe8 17. Rxe8+ Rxe8 18. Kf1 Kf7 19. Rd1 Re6 20. Rd7+ Re7 21. Rxe7+ Kxe7 22. Ke2 Ke6 23. Ke3 c5 24. Ke4 g6 25. g4 g5 26. c4 b6 27. f4 gxf4 28. Kxf4 Kf6 29. h4 a6 30. a4 a5 31. g5+ Kg6 32. Kg4 Kg7 33. h5 Kf7 34. Kf5 Ke7 35. g6 hxg6+ 36. Kxg6 Kf8 37. h6 Kg8 38. h7+ Kh8 39. Kh6 b5 40. axb5 1-0

[Event "TUR-chT Clubs"]
[Site "Konya"]
[Date "2019.07.20"]
[Round "8.4"]
[White "Oz, Ozan"]
[Black "Cevrin, Muhammet Cemre"]
[Result "1-0"]
[WhiteElo "1923"]
[BlackElo "1860"]
[PlyCount "67"]
[EventDate "2019.07.16"]
[EventType "team-swiss"]
[EventRounds "9"]
[EventCountry "TUR"]
[SourceTitle "CBM 191 Extra"]
[Source "ChessBase"]
[SourceDate "2019.09.30"]
[SourceVersion "1"]
[SourceVersionDate "2019.09.30"]
[SourceQuality "1"]
[WhiteTeam "Celik Dernegi"]
[BlackTeam "Bitlis Dernegi"]
[WhiteTeamCountry "TUR"]
[BlackTeamCountry "TUR"]

1. d4 Nf6 2. Bf4 d5 3. e3 c5 4. c3 Nc6 5. Nd2 Bf5 6. Qb3 Qd7 7. Ngf3 c4 8. Qd1 e6 9. Nh4 Be7 10. Be2 Ne4 11. Nxf5 exf5 12. Nxe4 fxe4 13. b3 b5 14. a4 Na5 15. b4 Nb7 16. f3 exf3 17. Bxf3 0-0 18. axb5 g5 19. Be5 f6 20. Bg3 f5 21. h3 h5 22. Bxh5 Bd6 23. Bf2 Bc7 24. Ra6 Bb6 25. Bg3 f4 26. exf4 gxf4 27. Bh4 Nd6 28. 0-0 Ne4 29. Be1 Qh7 30. Qg4+ Kh8 31. Bg6 Qh6 32. Qe6 Qg5 33. Bxe4 Rae8 34. Qxd5 1-0

[Event "TUR-chT Clubs"]
[Site "Konya"]
[Date "2019.07.18"]
[Round "5.2"]
[White "Cevrin, Muhammet Cemre"]
[Black "Salman, Ilhan Serhat"]
[Result "1-0"]
[WhiteElo "1860"]
[BlackElo "1950"]
[PlyCount "59"]
[EventDate "2019.07.16"]
[EventType "team-swiss"]
[EventRounds "9"]
[EventCountry "TUR"]
[SourceTitle "CBM 191 Extra"]
[Source "ChessBase"]
[SourceDate "2019.09.30"]
[SourceVersion "1"]
[SourceVersionDate "2019.09.30"]
[SourceQuality "1"]
[WhiteTeam "Bitlis Dernegi"]
[BlackTeam "Duzce AS Genclik"]
[WhiteTeamCountry "TUR"]
[BlackTeamCountry "TUR"]

1. e4 c5 2. b3 Nc6 3. Bb2 d6 4. Nc3 Nf6 5. Bb5 Bd7 6. d3 g6 7. Nf3 Bg7 8. 0-0 0-0 9. Ne2 a6 10. Bxc6 Bxc6 11. c4 Qc7 12. Qc2 b6 13. Ng3 Qb7 14. Nh4 e6 15. f4 d5 16. cxd5 exd5 17. e5 Nd7 18. d4 cxd4 19. Bxd4 f5 20. Nhxf5 gxf5 21. Nxf5 Bb5 22. Rf3 Rxf5 23. Qxf5 Nf8 24. Qg4 Be2 25. f5 Bxf3 26. gxf3 Ra7 27. Kh1 Kh8 28. f6 Bh6 29. e6 Nxe6 30. f7+ 1-0

[Event "TUR-chT 2nd League"]
[Site "Konya"]
[Date "2018.07.22"]
[Round "9.5"]
[White "Ozkurt, Kutay"]
[Black "Cevrin, Muhammet Cemre"]
[Result "1/2-1/2"]
[WhiteElo "1688"]
[BlackElo "1876"]
[PlyCount "101"]
[EventDate "2018.07.16"]
[EventType "team-swiss"]
[EventRounds "9"]
[EventCountry "TUR"]
[SourceTitle "EXT 2019"]
[Source "ChessBase"]
[SourceDate "2018.10.10"]
[SourceVersion "1"]
[SourceVersionDate "2018.10.10"]
[SourceQuality "1"]
[WhiteTeam "Bursa Nida"]
[BlackTeam "Koroglu Dernegi"]
[WhiteTeamCountry "TUR"]
[BlackTeamCountry "TUR"]

1. e4 c5 2. Nc3 Nc6 3. Nge2 Rb8 4. d3 b5 5. Bf4 d6 6. a3 g6 7. d4 b4 8. Na4 Qa5 9. axb4 cxb4 10. d5 Ne5 11. Nd4 Bd7 12. Nc3 Qc5 13. Ncb5 Bh6 14. Nb3 Qb6 15. Bxe5 dxe5 16. Ra6 Qd8 17. Nxa7 Nf6 18. Nc5 0-0 19. Nxd7 Qxd7 20. Nc6 Ra8 21. Rxa8 Rxa8 22. Bd3 Ra2 23. Nxe5 Qc7 24. Qb1 b3 25. Nc6 bxc2 26. Bxc2 Ra8 27. 0-0 e6 28. Qd1 Bg7 29. Qf3 Rc8 30. Bb3 exd5 31. exd5 Re8 32. Rd1 Qd6 33. Qg3 Ne4 34. Qxd6 Nxd6 35. Na5 Rc8 36. Nc6 Re8 37. Kf1 Bxb2 38. Re1 Ne4 39. Re2 Bc3 40. f3 Nd2+ 41. Rxd2 Bxd2 42. d6 Bg5 43. d7 Re3 44. Bc4 Rc3 45. Ne5 Kf8 46. Nxf7 Bf6 47. Be6 Rd3 48. Ke2 Rd4 49. Ke3 Rd1 50. Ke2 Rb1 51. d8Q+ 1/2-1/2

[Event "TUR-chT 2nd League"]
[Site "Konya"]
[Date "2018.07.21"]
[Round "8.5"]
[White "Hatirli, Ugur Can"]
[Black "Cevrin, Muhammet Cemre"]
[Result "1/2-1/2"]
[WhiteElo "1522"]
[BlackElo "1876"]
[PlyCount "90"]
[EventDate "2018.07.16"]
[EventType "team-swiss"]
[EventRounds "9"]
[EventCountry "TUR"]
[SourceTitle "EXT 2019"]
[Source "ChessBase"]
[SourceDate "2018.10.10"]
[SourceVersion "1"]
[SourceVersionDate "2018.10.10"]
[SourceQuality "1"]
[WhiteTeam "Corum Belediye"]
[BlackTeam "Koroglu Dernegi"]
[WhiteTeamCountry "TUR"]
[BlackTeamCountry "TUR"]

1. d4 Nf6 2. Bf4 c6 3. c4 g6 4. Nc3 Bg7 5. e3 d6 6. h3 Nbd7 7. Nf3 0-0 8. Qc2 a6 9. a4 Qa5 10. Nd2 e5 11. Bh2 exd4 12. Nb3 Qb4 13. Nxd4 Ne5 14. Qb3 Qa5 15. Qa3 Qc7 16. Be2 c5 17. Nf3 Qc6 18. 0-0 Re8 19. Rfd1 Bf5 20. Rac1 Ne4 21. Nxe5 Bxe5 22. Bxe5 Rxe5 23. Bf3 h5 24. Nd5 Kg7 25. Bxe4 Bxe4 26. Qc3 Kh6 27. f4 Ree8 28. g4 Bxd5 29. Rxd5 Qd7 30. Kf2 Qe7 31. gxh5 Qh4+ 32. Kg2 Re6 33. Rg5 Rae8 34. Re1 Kh7 35. Re2 Rg8 36. Qd3 Kh6 37. Kh2 Rge8 38. Reg2 Kg7 39. hxg6 f6 40. R5g3 Qh6 41. Qd5 R8e7 42. b3 Qh4 43. Qf5 Re4 44. a5 R4e6 45. Qd5 Qh6 1/2-1/2

[Event "TUR Cup										"]
[Site "Antalya"]
[Date "2018.02.01"]
[Round "9"]
[White "Karahan, Anil"]
[Black "Cevrin, Muhammet Cemre"]
[Result "1/2-1/2"]
[WhiteElo "1784"]
[BlackElo "1900"]
[PlyCount "62"]
[EventDate "2018.01.27"]
[EventType "swiss"]
[EventRounds "11"]
[EventCountry "TUR"]
[SourceTitle "CBM 182 Extra"]
[Source "ChessBase"]
[SourceDate "2018.02.23"]
[SourceVersion "1"]
[SourceVersionDate "2018.02.23"]
[SourceQuality "1"]

1. d4 d5 2. c4 c6 3. Nc3 Nf6 4. Nf3 e6 5. Bg5 h6 6. Bxf6 Qxf6 7. e3 Bb4 8. Bd3 Nd7 9. 0-0 0-0 10. Qb3 Bxc3 11. Qxc3 Re8 12. cxd5 exd5 13. b4 Nb6 14. a4 Bf5 15. Nd2 Nd7 16. Rfc1 Re6 17. b5 Rae8 18. a5 Bxd3 19. Qxd3 c5 20. dxc5 Nxc5 21. Qc3 b6 22. Qxf6 Rxf6 23. Ra3 d4 24. exd4 Ne6 25. Nf3 Rd8 26. Rd1 Rd5 27. axb6 axb6 28. Ra8+ Kh7 29. Rb8 Nc7 30. Rc1 Nxb5 31. Rc4 Rfd6 1/2-1/2

[Event "TUR Cup										"]
[Site "Antalya"]
[Date "2018.01.31"]
[Round "7"]
[White "Erdogan, Atakan"]
[Black "Cevrin, Muhammet Cemre"]
[Result "1/2-1/2"]
[WhiteElo "1742"]
[BlackElo "1900"]
[PlyCount "109"]
[EventDate "2018.01.27"]
[EventType "swiss"]
[EventRounds "11"]
[EventCountry "TUR"]
[SourceTitle "CBM 182 Extra"]
[Source "ChessBase"]
[SourceDate "2018.02.23"]
[SourceVersion "1"]
[SourceVersionDate "2018.02.23"]
[SourceQuality "1"]

1. Nf3 Nf6 2. d4 g6 3. Bf4 Bg7 4. e3 0-0 5. h3 d6 6. Be2 Nbd7 7. 0-0 c5 8. c3 Qc7 9. Nbd2 b6 10. a4 Bb7 11. Bh2 e5 12. Rc1 Rad8 13. b4 Rfe8 14. Qb3 h6 15. Rfd1 Ne4 16. Bc4 Ndf6 17. Nxe4 Nxe4 18. Bd5 Bxd5 19. Qxd5 exd4 20. cxd4 Qe7 21. Qb3 a5 22. bxa5 bxa5 23. dxc5 dxc5 24. Qc4 Qb7 25. Re1 Qb4 26. Qc2 Nc3 27. Be5 Rxe5 28. Qxc3 Red5 29. Qc2 Rd3 30. Qxc5 Qxa4 31. Rb1 Rd1 32. Kh2 Rxe1 33. Rxe1 Qb4 34. Qc2 a4 35. Rb1 Qd6+ 36. g3 a3 37. Qa4 Qd3 38. Rb3 Qe2 39. Kg2 Rd1 40. Nh2 Rd2 41. Ng4 h5 42. Qe8+ Kh7 43. Nf6+ Bxf6 44. Qxf7+ Bg7 45. Rxa3 Rd1 46. Ra7 Qb2 47. Qb7 Qf6 48. Ra6 Qf5 49. Ra7 Qf6 50. Ra6 Rd6 51. Rxd6 Qxd6 52. Qe4 Qe5 53. Qc4 Qb2 54. Qe4 Qe2 55. g4 1/2-1/2

[Event "TUR Cup										"]
[Site "Antalya"]
[Date "2018.01.28"]
[Round "2"]
[White "Cevrin, Muhammet Cemre"]
[Black "Demirtas, Hafize"]
[Result "1-0"]
[WhiteElo "1900"]
[BlackElo "1710"]
[PlyCount "171"]
[EventDate "2018.01.27"]
[EventType "swiss"]
[EventRounds "11"]
[EventCountry "TUR"]
[SourceTitle "CBM 182 Extra"]
[Source "ChessBase"]
[SourceDate "2018.02.23"]
[SourceVersion "1"]
[SourceVersionDate "2018.02.23"]
[SourceQuality "1"]

1. e4 e6 2. d4 b6 3. Nf3 Bb7 4. Bd3 c5 5. Qe2 Nc6 6. c3 d5 7. exd5 Qxd5 8. 0-0 cxd4 9. Be4 Qd7 10. cxd4 Nf6 11. Bd3 Bd6 12. Nc3 Rd8 13. d5 Bxh2+ 14. Nxh2 Nxd5 15. Nxd5 Qxd5 16. Be4 Nd4 17. Qg4 Qxe4 18. Qxg7 Ne2+ 19. Kh1 Qd4 20. Qxd4 Nxd4 21. Ng4 0-0 22. Bh6 f5 23. Bxf8 Kxf8 24. Ne5 Ke7 25. Rfd1 Kf6 26. f4 Be4 27. Rac1 Rd5 28. Rc7 Rxe5 29. fxe5+ Kxe5 30. Rxa7 h5 31. Kg1 f4 32. Kf2 Nf5 33. Re1 Ne3 34. Rxe3 fxe3+ 35. Kxe3 Bxg2 36. Rh7 Bd5 37. Rxh5+ Kd6 38. a3 Kc5 39. Rh4 Kb5 40. Kd3 Kc5 41. a4 Bb3 42. Kc3 Bd5 43. b4+ Kd6 44. Rh8 Kd7 45. Rh7+ Kc6 46. Kd4 Kd6 47. Rh5 Bb3 48. a5 bxa5 49. Rxa5 Kc6 50. Rc5+ Kb6 51. Kc3 Bd5 52. Rc8 Kb7 53. Rc5 Kb6 54. Kd4 Bb3 55. Ra5 Bd5 56. Kc3 Bf3 57. Kb3 Bd1+ 58. Ka3 Bf3 59. Re5 Bd5 60. Ka4 Bc4 61. b5 Bd5 62. Kb4 Ba2 63. Re3 Bd5 64. Re2 Kc7 65. Kc5 Kb7 66. Re5 Bb3 67. Rg5 Kc7 68. Rg7+ Kb8 69. b6 Bd5 70. Re7 Bb3 71. Kb5 Bd5 72. Rc7 Be4 73. Rc3 Bg2 74. Rg3 Bd5 75. Rg7 Be4 76. Rf7 Bd5 77. Re7 Bb3 78. Kc5 Bd5 79. Kd6 Kc8 80. Ra7 Bc4 81. b7+ Kb8 82. Kc6 Kxa7 83. Kc7 Ka6 84. b8Q Ka5 85. Kc6 Ka4 86. Kc5 1-0

[Event "TUR Cup"]
[Site "Antalya"]
[Date "2017.01.31"]
[Round "6"]
[White "Uzunoglu, Efe Kerem"]
[Black "Cevrin, Muhammet Cemre"]
[Result "1/2-1/2"]
[WhiteElo "2104"]
[BlackElo "1889"]
[PlyCount "58"]
[EventDate "2017.01.28"]
[EventType "swiss"]
[EventRounds "11"]
[EventCountry "TUR"]
[SourceTitle "CBM 176 Extra"]
[Source "ChessBase"]
[SourceDate "2017.03.02"]
[SourceVersion "1"]
[SourceVersionDate "2017.03.02"]
[SourceQuality "1"]

1. Nf3 Nf6 2. c4 g6 3. Nc3 d5 4. Qa4+ Bd7 5. Qb3 dxc4 6. Qxc4 Bg7 7. e4 0-0 8. e5 Ng4 9. d4 a6 10. h3 Nh6 11. Bf4 Bc6 12. Be2 b5 13. Qb3 e6 14. Rd1 Qc8 15. d5 Bxd5 16. Nxd5 exd5 17. Qxd5 c6 18. Qd2 Nf5 19. 0-0 Ra7 20. Bd3 c5 21. Rfe1 Nc6 22. Be4 Ncd4 23. Nxd4 Nxd4 24. b4 Rd7 25. Qe3 Rfd8 26. bxc5 Qxc5 27. Rc1 Qe7 28. Qg3 Ne6 29. Be3 Qa3 1/2-1/2

[Event "TUR Cup"]
[Site "Antalya"]
[Date "2017.01.29"]
[Round "2"]
[White "Cevrin, Muhammet Cemre"]
[Black "Albay, Koraycan"]
[Result "1-0"]
[WhiteElo "1889"]
[BlackElo "1718"]
[PlyCount "71"]
[EventDate "2017.01.28"]
[EventType "swiss"]
[EventRounds "11"]
[EventCountry "TUR"]
[SourceTitle "CBM 176 Extra"]
[Source "ChessBase"]
[SourceDate "2017.03.02"]
[SourceVersion "1"]
[SourceVersionDate "2017.03.02"]
[SourceQuality "1"]

1. e4 e6 2. b3 d5 3. Bb2 dxe4 4. Nc3 Nf6 5. Qe2 Be7 6. 0-0-0 a5 7. a4 Bd7 8. g4 Bc6 9. Bg2 Nd5 10. Nh3 Nd7 11. Bxe4 Nc5 12. f4 Nxe4 13. Nxe4 Nf6 14. Nhf2 Qd7 15. Rhe1 b5 16. g5 Nxe4 17. Nxe4 Kf8 18. Qe3 bxa4 19. Qc3 Rg8 20. bxa4 Bd5 21. f5 Qxa4 22. f6 gxf6 23. Nxf6 Bxf6 24. Qxf6 Rg6 25. Qe5 Rb8 26. Re3 Qb5 27. h4 f6 28. gxf6 Rg4 29. Ba3+ c5 30. Bxc5+ Kg8 31. f7+ Kxf7 32. Qh5+ Rg6 33. d4 Kg8 34. Qe5 Qb2+ 35. Kd2 a4 36. Rde1 1-0

[Event "TUR Cup"]
[Site "Antalya"]
[Date "2017.01.29"]
[Round "3"]
[White "Ozalp, Burak"]
[Black "Cevrin, Muhammet Cemre"]
[Result "1-0"]
[WhiteElo "2123"]
[BlackElo "1889"]
[PlyCount "60"]
[EventDate "2017.01.28"]
[EventType "swiss"]
[EventRounds "11"]
[EventCountry "TUR"]
[SourceTitle "CBM 176 Extra"]
[Source "ChessBase"]
[SourceDate "2017.03.02"]
[SourceVersion "1"]
[SourceVersionDate "2017.03.02"]
[SourceQuality "1"]

1. e4 c5 2. Nf3 d6 3. d4 cxd4 4. Nxd4 Nf6 5. Nc3 a6 6. Bg5 e6 7. Qe2 Be7 8. f4 0-0 9. 0-0-0 Nbd7 10. g4 Qc7 11. Bg2 Rb8 12. Rhe1 Nc5 13. h4 Ne8 14. Bxe7 Qxe7 15. g5 Nc7 16. Kb1 Bd7 17. Qd2 b5 18. Nb3 Nb7 19. e5 d5 20. Ne4 Ne8 21. Qd4 f5 22. gxf6 gxf6 23. Qa7 Qd8 24. f5 fxe5 25. Nbc5 Nxc5 26. Nxc5 Rf7 27. fxe6 Bxe6 28. Qxa6 Nc7 29. Nxe6 Nxe6 30. Qxe6 Rb6 1-0

[Event "TUR Cup"]
[Site "Antalya"]
[Date "2017.01.28"]
[Round "1"]
[White "Koc, Aylin"]
[Black "Cevrin, Muhammet Cemre"]
[Result "0-1"]
[WhiteElo "1460"]
[BlackElo "1889"]
[PlyCount "29"]
[EventDate "2017.01.28"]
[EventType "swiss"]
[EventRounds "11"]
[EventCountry "TUR"]
[SourceTitle "CBM 176 Extra"]
[Source "ChessBase"]
[SourceDate "2017.03.02"]
[SourceVersion "1"]
[SourceVersionDate "2017.03.02"]
[SourceQuality "1"]

1. e4 c5 2. Nf3 d6 3. Bb5+ Bd7 4. Bxd7+ Qxd7 5. 0-0 Nc6 6. c3 Nf6 7. Re1 e6 8. d4 cxd4 9. cxd4 Be7 10. d5 Ne5 11. Nxe5 dxe5 12. a3 exd5 13. exd5 0-0 14. Rxe5 Bd6 15. Re3 0-1

[Event "Malatya Golden Apricot op 4th"]
[Site "Malatya"]
[Date "2016.08.23"]
[Round "4"]
[White "Gasimov, Parviz"]
[Black "Cevrin, Muhammet Cemre"]
[Result "1-0"]
[WhiteElo "2332"]
[BlackElo "1878"]
[PlyCount "105"]
[EventDate "2016.08.21"]
[EventType "swiss"]
[EventRounds "9"]
[EventCountry "TUR"]
[SourceTitle "CBM 174 Extra"]
[Source "ChessBase"]
[SourceDate "2016.10.10"]
[SourceVersion "1"]
[SourceVersionDate "2016.10.10"]
[SourceQuality "1"]

1. e4 c5 2. Nf3 d6 3. d4 cxd4 4. Nxd4 Nf6 5. Nc3 a6 6. Qf3 Nbd7 7. Be2 Ne5 8. Qg3 Qb6 9. Nb3 h5 10. h4 Qc7 11. Bg5 e6 12. 0-0-0 b5 13. f4 Nc4 14. e5 Ng4 15. exd6 Bxd6 16. Ne4 Be7 17. Bxe7 Qxe7 18. Bxc4 bxc4 19. Nd6+ Kf8 20. Nxc4 Qc7 21. Ne5 Nf6 22. f5 Kg8 23. Ng6 e5 24. Nxh8 Bxf5 25. Qf2 Bh7 26. Qc5 Qxc5 27. Nxc5 Kxh8 28. Rhe1 Ng4 29. Rd7 Bg6 30. Red1 Kh7 31. Rd8 Rxd8 32. Rxd8 e4 33. b4 f5 34. Ne6 Bf7 35. Ng5+ Kg6 36. Rd6+ Nf6 37. Rxa6 Bc4 38. Rc6 Bd5 39. Rd6 f4 40. c4 f3 41. gxf3 exf3 42. Kd2 f2 43. Ke2 f1Q+ 44. Kxf1 Bxc4+ 45. Kf2 Kf5 46. a4 Bb3 47. a5 Ng4+ 48. Kg3 Ke5 49. Rb6 Nf6 50. a6 Bd5 51. a7 Ne8 52. Rb8 Nc7 53. b5 1-0

[Event "Manavgat Turkey Cup"]
[Site "Manavgat"]
[Date "2015.02.06"]
[Round "10"]
[White "Cevrin, Muhammet Cemre"]
[Black "Gulerdil, Yagiz"]
[Result "1/2-1/2"]
[WhiteElo "1858"]
[BlackElo "1790"]
[PlyCount "31"]
[EventDate "2015.01.31"]
[EventType "swiss"]
[EventRounds "11"]
[EventCountry "TUR"]
[SourceTitle "CBM 164 Extra"]
[Source "ChessBase"]
[SourceDate "2015.03.02"]
[SourceVersion "1"]
[SourceVersionDate "2015.03.02"]
[SourceQuality "1"]

1. e4 e6 2. b3 d5 3. Bb2 Nf6 4. e5 Nfd7 5. f4 c5 6. Qg4 Nc6 7. Bb5 Qb6 8. Bxc6 Qxc6 9. Nf3 Nb6 10. 0-0 Bd7 11. d3 0-0-0 12. Kh1 h6 13. a4 Re8 14. Na3 Kb8 15. c3 Be7 16. a5 1/2-1/2

[Event "Manavgat Turkey Cup"]
[Site "Manavgat"]
[Date "2015.02.03"]
[Round "5"]
[White "Acar, Cengiz Can"]
[Black "Cevrin, Muhammet Cemre"]
[Result "1/2-1/2"]
[WhiteElo "1687"]
[BlackElo "1858"]
[PlyCount "103"]
[EventDate "2015.01.31"]
[EventType "swiss"]
[EventRounds "11"]
[EventCountry "TUR"]
[SourceTitle "CBM 164 Extra"]
[Source "ChessBase"]
[SourceDate "2015.03.02"]
[SourceVersion "1"]
[SourceVersionDate "2015.03.02"]
[SourceQuality "1"]

1. d4 d5 2. Bf4 Nf6 3. Nf3 g6 4. e3 Bg7 5. Be2 0-0 6. h3 c5 7. c3 Nc6 8. 0-0 Ne4 9. Nbd2 Nxd2 10. Qxd2 cxd4 11. cxd4 Qb6 12. Rac1 Bf5 13. Rc5 Qd8 14. Rfc1 a6 15. b4 Be4 16. Ne5 Nxe5 17. dxe5 b6 18. Rc7 e6 19. Qd4 g5 20. Bg3 b5 21. f3 Bg6 22. R1c6 Re8 23. Qc3 Bb1 24. Rd6 Qxd6 25. exd6 Bxc3 26. Rxc3 f6 27. a3 Bf5 28. Rc5 Red8 29. Bd1 Bd3 30. Kf2 Rd7 31. Rc6 Rad8 32. Rxa6 e5 33. f4 exf4 34. exf4 Rxd6 35. Rxd6 Rxd6 36. fxg5 Ra6 37. gxf6 Rxf6+ 38. Ke3 Be4 39. Bf3 Bxf3 40. gxf3 d4+ 41. Kxd4 Rxf3 42. Bd6 Rxa3 43. Kc5 Rxh3 44. Kxb5 Kf7 45. Kc6 Rc3+ 46. Kd7 Rb3 47. Kc6 Ke6 48. b5 Rxb5 49. Kxb5 Kxd6 50. Kc4 h5 51. Kd3 h4 52. Ke3 1/2-1/2

[Event "Manavgat Turkey Cup"]
[Site "Manavgat"]
[Date "2015.02.01"]
[Round "3"]
[White "Seyhanoglu, Deniz"]
[Black "Cevrin, Muhammet Cemre"]
[Result "1/2-1/2"]
[WhiteElo "2026"]
[BlackElo "1858"]
[PlyCount "47"]
[EventDate "2015.01.31"]
[EventType "swiss"]
[EventRounds "11"]
[EventCountry "TUR"]
[SourceTitle "CBM 164 Extra"]
[Source "ChessBase"]
[SourceDate "2015.03.02"]
[SourceVersion "1"]
[SourceVersionDate "2015.03.02"]
[SourceQuality "1"]

1. e4 c5 2. Nf3 e6 3. d4 cxd4 4. Nxd4 Nc6 5. g3 a6 6. Bg2 Qc7 7. 0-0 Nf6 8. Re1 Nxd4 9. Qxd4 Bc5 10. Qd1 h5 11. Be3 Ng4 12. Bxc5 Qxc5 13. Qe2 Ne5 14. c3 b5 15. Nd2 h4 16. Nb3 Qb6 17. Qe3 Qxe3 18. Rxe3 Rb8 19. Na5 hxg3 20. hxg3 f6 21. Rd1 Ke7 22. Re2 Rb6 23. Red2 d6 24. f4 1/2-1/2

[Event "Manavgat Turkey Cup"]
[Site "Manavgat"]
[Date "2015.01.31"]
[Round "1"]
[White "Ipeker, Melda"]
[Black "Cevrin, Muhammet Cemre"]
[Result "0-1"]
[WhiteElo "1467"]
[BlackElo "1858"]
[PlyCount "89"]
[EventDate "2015.01.31"]
[EventType "swiss"]
[EventRounds "11"]
[EventCountry "TUR"]
[SourceTitle "CBM 164 Extra"]
[Source "ChessBase"]
[SourceDate "2015.03.02"]
[SourceVersion "1"]
[SourceVersionDate "2015.03.02"]
[SourceQuality "1"]

1. e4 c5 2. Nf3 e6 3. Nc3 Nc6 4. d4 cxd4 5. Nxd4 Qc7 6. Be2 a6 7. Be3 Nf6 8. 0-0 h5 9. f4 d6 10. Qe1 Na5 11. Kh1 Nc4 12. Bxc4 Qxc4 13. Bg1 Qc7 14. Rd1 Bd7 15. Nf3 Bc6 16. Ng5 h4 17. h3 Be7 18. Bh2 Nd7 19. Qe3 Qb6 20. Qxb6 Nxb6 21. Bg1 Nd7 22. Nf3 Nf6 23. e5 Nh5 24. Bh2 d5 25. Nd4 g6 26. Nce2 Bd7 27. Rfe1 Rc8 28. c3 Ng7 29. Bg1 Nf5 30. Nxf5 gxf5 31. Rc1 Bb5 32. Nd4 Bd3 33. Nf3 a5 34. Bb6 a4 35. Bd4 Bc4 36. a3 Bd3 37. Nd2 Rc6 38. Re3 Be4 39. b3 axb3 40. Nxb3 Ra6 41. Nc5 Rxa3 42. Nxb7 Ra2 43. Rg1 Rg8 44. Nd6+ Bxd6 45. exd6 0-1

[Event "Kemer Turkey Cup"]
[Site "Kemer"]
[Date "2014.02.01"]
[Round "1"]
[White "Yuksel, Mahmut"]
[Black "Cevrin, Muhammet Cemre"]
[Result "0-1"]
[WhiteElo "2061"]
[BlackElo "1846"]
[PlyCount "118"]
[EventDate "2014.02.01"]
[EventType "swiss"]
[EventRounds "9"]
[EventCountry "TUR"]
[SourceTitle "CBM 158 Extra"]
[Source "ChessBase"]
[SourceDate "2014.02.28"]
[SourceVersion "1"]
[SourceVersionDate "2014.02.28"]
[SourceQuality "1"]

1. d4 Nf6 2. Nf3 g6 3. e3 d5 4. c4 Bg7 5. cxd5 0-0 6. Be2 Nxd5 7. 0-0 c5 8. e4 Nf6 9. e5 Nd5 10. Nc3 cxd4 11. Qxd4 Nxc3 12. Qxc3 Nc6 13. Bf4 Bg4 14. h3 Bxf3 15. Bxf3 Qd4 16. Qxd4 Nxd4 17. Bd1 Rac8 18. Rb1 e6 19. Re1 Rfd8 20. Kf1 b6 21. Re4 Rc5 22. b4 Rcc8 23. Ba4 b5 24. Bd1 h6 25. Be3 Rc4 26. Rb2 Nf5 27. Rxc4 Nxe3+ 28. fxe3 bxc4 29. Be2 c3 30. Rc2 Bxe5 31. b5 Kf8 32. Bf3 Ke7 33. Ke2 Kd6 34. Be4 Kc5 35. Bd3 Kb4 36. g4 g5 37. Rc1 Ka3 38. Rc2 Kb4 39. Rc1 Ka3 40. Rc2 Rd6 41. Be4 Kb4 42. Bd3 Ka3 43. Be4 a6 44. bxa6 Rxa6 45. Bd3 Rb6 46. Bc4 Rb1 47. Kd3 Rh1 48. Rf2 f6 49. Bxe6 Rxh3 50. Ke4 h5 51. gxh5 Rxh5 52. Re2 Rh1 53. Kd3 Rd1+ 54. Ke4 Rd6 55. Kf5 g4 56. Bf7 g3 57. Ke4 Rd2 58. Re1 c2 59. Bb3 Rd1 0-1

[Event "TUR-ch"]
[Site "Antalya"]
[Date "2013.02.07"]
[Round "9"]
[White "Cevrin, Muhammet Cemre"]
[Black "Arslan, Erdal"]
[Result "1/2-1/2"]
[WhiteElo "1824"]
[BlackElo "2067"]
[PlyCount "91"]
[EventDate "2013.02.02"]
[EventType "swiss"]
[EventRounds "11"]
[EventCountry "TUR"]
[SourceTitle "CBM 152 Extra"]
[Source "ChessBase"]
[SourceDate "2013.02.25"]
[SourceVersion "1"]
[SourceVersionDate "2013.02.25"]
[SourceQuality "1"]

1. e4 c5 2. b3 Nc6 3. Bb2 e5 4. Bb5 d6 5. f4 Bd7 6. Bxc6 Bxc6 7. Qe2 exf4 8. Nf3 Qe7 9. Nc3 Nf6 10. 0-0 0-0-0 11. Rae1 Kb8 12. Qd3 Qc7 13. Nd5 Bxd5 14. exd5 Nh5 15. c4 Be7 16. Qf5 Bf6 17. Bxf6 Nxf6 18. Qxf4 h6 19. d4 Rhe8 20. dxc5 Qxc5+ 21. Qd4 Qa5 22. a4 Qb4 23. Qd3 Ng4 24. h3 Rxe1 25. Rxe1 Ne5 26. Qd1 Nxf3+ 27. gxf3 Qc3 28. Re4 f5 29. Re6 g5 30. Qe2 Qxb3 31. Re8 Qb6+ 32. Kg2 a5 33. Rxd8+ Qxd8 34. Qe6 Qb6 35. Qxh6 Qb2+ 36. Kg3 Qe5+ 37. Kf2 Qh2+ 38. Kf1 Qf4 39. Kf2 Qd4+ 40. Kg2 Qd2+ 41. Kf1 Qd3+ 42. Kf2 Qd4+ 43. Kg2 Qd2+ 44. Kf1 Qf4 45. Kf2 Qh2+ 46. Kf1 1/2-1/2

[Event "TUR-ch"]
[Site "Antalya"]
[Date "2013.02.04"]
[Round "4"]
[White "Buker, Muhittin"]
[Black "Cevrin, Muhammet Cemre"]
[Result "1-0"]
[WhiteElo "2097"]
[BlackElo "1824"]
[PlyCount "63"]
[EventDate "2013.02.02"]
[EventType "swiss"]
[EventRounds "11"]
[EventCountry "TUR"]
[SourceTitle "CBM 152 Extra"]
[Source "ChessBase"]
[SourceDate "2013.02.25"]
[SourceVersion "1"]
[SourceVersionDate "2013.02.25"]
[SourceQuality "1"]

1. d4 Nf6 2. c4 c5 3. e3 cxd4 4. exd4 d5 5. Nc3 e6 6. Bg5 Be7 7. Nf3 0-0 8. Bd3 dxc4 9. Bxc4 Nbd7 10. 0-0 a6 11. Qe2 b5 12. Bb3 Bb7 13. Rfe1 Re8 14. Rad1 b4 15. Ne5 Nxe5 16. dxe5 Qa5 17. Bxf6 Bxf6 18. exf6 bxc3 19. Qg4 g6 20. Qf4 Qc5 21. bxc3 Rad8 22. h4 Bc6 23. Rxd8 Rxd8 24. Qc7 Qd6 25. Qa5 Qb8 26. Qg5 Rd6 27. h5 Qd8 28. hxg6 hxg6 29. Bxe6 Rxe6 30. Rxe6 Qd1+ 31. Kh2 Bd7 32. Qh6 1-0